000 01161cas a2200361 a 4500
001 22987
003 SK-KTurca
005 20260513132809.0
008 040803d19461948xo wr p 0 b0slo c
040 _aBA001
_bslo
_eAACR2
041 0 _aslo
044 _axo
_cSK
080 _a323.2
_22011
080 _a355.11
_22011
245 0 0 _aOdkaz :
_btýždenník Sväzu vojakov Slovenského národného povstania
246 3 3 _aOdkaz
246 3 3 _aOdkaz Slovenského národného povstania
260 _aBratislava
_bSväz vojakov Slovenského národného povstania
_c1946-1948
_f(Litera, p.n.s.)
300 _azv.
_c21x28 cm
310 _a1x týždenne
_bod č. 21(1947)
321 _a2x mesačne
_b1946-č. 20(1947)
362 0 _aRoč. 1, č. 1 (28. mar. 1946) - roč. 3, č. 11 (mar. 1948)
_zBg. Balúnová/1995
500 _aVyšlo mimoriadne č.( 2. marec 1948)
550 _aMenil tlačiarne
550 _aZodp. red. Jozef Bradáč
550 _aOd č. 21(1947) formát: 34x51 cm
650 8 _a323.2
_2MDT
650 8 _a355.11
_2MDT
650 9 _aodbojové hnutie
_2SKP
650 9 _avojaci
_2SKP
785 0 0 _tBojovník
942 _2ddc
_cOLDO
_n0
999 _c22987
_d22987